Skoki narciarskie - liderzy PŚ 2013/2014 - Statystyki

Ogólne statystyki
  • Ten quiz został rozwiązany 98 razy
  • Średni wynik to 6 z 7
Statystyki odpowiedzi
Konkursy Zawodnik % Poprawnych
23-koniec Kamil Stoch
96%
7-16 Kamil Stoch
85%
20 Kamil Stoch
83%
21-22 Peter Prevc
82%
17-19 Peter Prevc
80%
1-2 Krzysztof Biegun
79%
3-6 Gregor Schlierenzauer
73%
Nie znaleziono quizów pasujących do podanych kryteriów
Rozkład punktacji
Procent ludzi z każdym wynikiem
Percentyl według liczby udzielonych odpowiedzi
Twoja historia wyników
Nie rozwiązałeś tego quizu